[Event "Titled Tuesday intern op 21st Dec"]
[Site "Chess.com INT"]
[Date "2021.12.21"]
[Round "5"]
[White "Weber, Samuel"]
[Black "Sowa, Ryan"]
[Result "0-1"]
[WhiteElo "2250"]
[BlackElo "2067"]
[PlyCount "126"]
[EventDate "2021.12.21"]
[EventType "swiss (blitz)"]
[EventRounds "11"]
[EventCountry "USA"]
[SourceTitle "CBM 205 Extra"]
[Source "ChessBase"]
[SourceDate "2022.01.31"]
[SourceVersion "1"]
[SourceVersionDate "2022.01.31"]
[SourceQuality "1"]

1. d4 Nf6 2. c4 g6 3. Nc3 d5 4. g3 Bg7 5. cxd5 Nxd5 6. Bg2 Nxc3 7. bxc3 c5 8. Nf3 Nc6 9. Be3 cxd4 10. cxd4 Qa5+ 11. Qd2 Qxd2+ 12. Kxd2 O-O 13. Rhd1 Rd8 14. Ke1 Bg4 15. Rab1 Rab8 16. d5 Bxf3 17. Bxf3 Ne5 18. Bxa7 Ra8 19. Rxb7 Nc4 20. Rxe7 Bf6 21. Rc7 Nd6 22. Bd4 Bxd4 23. Rxd4 Nb5 24. Rdc4 Nxc7 25. Rxc7 Rxa2 26. g4 g5 27. Be4 Ra4 28. f3 h6 29. Kf2 Kg7 30. Bc2 Rd4 31. Bb3 Rb4 32. Bc4 Rd6 33. e4 Kf6 34. Ke3 Rb2 35. Kd4 Rd2+ 36. Bd3 Rb6 37. e5+ Kg7 38. e6 Rb3 39. Rxf7+ Kg8 40. Ke5 Rbxd3 41. Rd7 Rxf3 42. e7 Re2+ 43. Kd6 Rfe3 44. Rd8+ Kg7 45. Rd7 Kf6 46. h3 Rxe7 47. Rd8 R7e3 48. Rh8 Kg7 49. Rd8 Rxh3 50. Rd7+ Kg6 51. Kc7 Rc3+ 52. Kd8 Rd3 53. d6 Red2 54. Ke7 Rd4 55. Rd8 Re4+ 56. Kd7 Rxg4 57. Rg8+ Kh5 58. Rh8 Rgd4 59. Ke7 Rxd6 60. Rf8 Ra6 61. Rf1 Rb2 62. Rh1+ Kg6 63. Rb1 Rxb1 0-1

[Event "Titled Tuesday intern op 21st Dec"]
[Site "Chess.com INT"]
[Date "2021.12.21"]
[Round "5"]
[White "Winkels, Marcel"]
[Black "Shapiro, Daniel E"]
[Result "0-1"]
[WhiteElo "1979"]
[BlackElo "2284"]
[PlyCount "106"]
[EventDate "2021.12.21"]
[EventType "swiss (blitz)"]
[EventRounds "11"]
[EventCountry "USA"]
[SourceTitle "CBM 205 Extra"]
[Source "ChessBase"]
[SourceDate "2022.01.31"]
[SourceVersion "1"]
[SourceVersionDate "2022.01.31"]
[SourceQuality "1"]

1. e4 c5 2. Nf3 e6 3. d4 cxd4 4. Nxd4 a6 5. Nc3 Qc7 6. g3 Nf6 7. Bg2 Bb4 8. O-O O-O 9. Bd2 Be7 10. Re1 d6 11. h3 Nc6 12. Be3 Rb8 13. Qd2 Na5 14. b3 b5 15. g4 h6 16. f4 Bb7 17. g5 hxg5 18. fxg5 Nd7 19. a4 b4 20. Nce2 Nc6 21. Nxc6 Bxc6 22. Nd4 Ba8 23. Rf1 g6 24. Rae1 Ne5 25. Bf4 Rfc8 26. Qf2 Rf8 27. Qg3 Qc3 28. Qxc3 bxc3 29. Re3 Rfc8 30. Ne2 Rc5 31. Rxc3 Rxc3 32. Nxc3 Rc8 33. Bxe5 dxe5 34. Rf3 Bxg5 35. Rd3 Bf4 36. b4 Rc4 37. b5 axb5 38. axb5 Bb7 39. Bf1 Rb4 40. Bg2 Kg7 41. Bf3 Kh6 42. Kf2 f5 43. exf5 Bxf3 44. Rxf3 gxf5 45. Rd3 Rb2 46. Ke1 Rxc2 47. Kd1 Rb2 48. Rd6 Kg5 49. b6 e4 50. Rxe6 Rd2+ 51. Ke1 Rb2 52. Kd1 e3 53. Ke1 Rb3 0-1

[Event "Titled Tuesday intern op 21st Dec"]
[Site "Chess.com INT"]
[Date "2021.12.21"]
[Round "5"]
[White "Yavuz, Efe Metehan"]
[Black "Prohorov, Olexandr"]
[Result "1/2-1/2"]
[WhiteElo "2025"]
[BlackElo "2086"]
[PlyCount "54"]
[EventDate "2021.12.21"]
[EventType "swiss (blitz)"]
[EventRounds "11"]
[EventCountry "USA"]
[SourceTitle "CBM 205 Extra"]
[Source "ChessBase"]
[SourceDate "2022.01.31"]
[SourceVersion "1"]
[SourceVersionDate "2022.01.31"]
[SourceQuality "1"]

1. c4 c5 2. Nf3 g6 3. g3 Bg7 4. Nc3 Nf6 5. Bg2 O-O 6. O-O Nc6 7. d3 d6 8. e4 e5 9. h3 Be6 10. Be3 Nd4 11. Bxd4 cxd4 12. Nd5 Bxd5 13. cxd5 Nd7 14. Rc1 Rc8 15. Qb3 Qb6 16. Qxb6 axb6 17. g4 Nc5 18. Rfd1 Bh6 19. g5 Bg7 20. Rc4 Ra8 21. Rb4 f6 22. Rxb6 Rxa2 23. Rxd6 Rxb2 24. gxf6 Rxf6 25. Rd8+ Rf8 26. Rxf8+ Kxf8 27. Ng5 h6 1/2-1/2

[Event "Titled Tuesday intern op 21st Dec"]
[Site "Chess.com INT"]
[Date "2021.12.21"]
[Round "6"]
[White "Agasarov, Benik"]
[Black "Rangel, Daniel"]
[Result "1-0"]
[WhiteElo "2205"]
[BlackElo "2196"]
[PlyCount "59"]
[EventDate "2021.12.21"]
[EventType "swiss (blitz)"]
[EventRounds "11"]
[EventCountry "USA"]
[SourceTitle "CBM 205 Extra"]
[Source "ChessBase"]
[SourceDate "2022.01.31"]
[SourceVersion "1"]
[SourceVersionDate "2022.01.31"]
[SourceQuality "1"]

1. d4 Nf6 2. c4 g6 3. Nc3 Bg7 4. e4 O-O 5. Be2 c6 6. e5 Ne8 7. f4 d6 8. Nf3 Nc7 9. O-O a6 10. a4 a5 11. Be3 Nba6 12. Bf2 Nb4 13. h3 Bf5 14. g4 Bd7 15. Bh4 f6 16. Ne4 d5 17. Nc5 Bc8 18. b3 b6 19. Nd3 dxc4 20. bxc4 Ba6 21. Nxb4 axb4 22. a5 bxa5 23. Rxa5 Ne6 24. Rxa6 Rxa6 25. c5 Ra3 26. Bc4 fxe5 27. Bxe6+ Kh8 28. fxe5 Raxf3 29. Rxf3 Qxd4+ 30. Qxd4 1-0

[Event "Titled Tuesday intern op 21st Dec"]
[Site "Chess.com INT"]
[Date "2021.12.21"]
[Round "6"]
[White "Agibileg, Uurtsaikh"]
[Black "Ibarra Jerez, Jose Carlos"]
[Result "0-1"]
[WhiteElo "2440"]
[BlackElo "2567"]
[PlyCount "82"]
[EventDate "2021.12.21"]
[EventType "swiss (blitz)"]
[EventRounds "11"]
[EventCountry "USA"]
[SourceTitle "CBM 205 Extra"]
[Source "ChessBase"]
[SourceDate "2022.01.31"]
[SourceVersion "1"]
[SourceVersionDate "2022.01.31"]
[SourceQuality "1"]

1. d4 Nf6 2. c4 d6 3. Nf3 g6 4. Nc3 Bf5 5. g3 Ne4 6. Bd2 Bg7 7. Bg2 O-O 8. O-O c5 9. Rc1 Nc6 10. d5 Nxd2 11. Nxd2 Na5 12. e4 Bd7 13. f4 a6 14. Re1 b5 15. e5 Nxc4 16. Nxc4 bxc4 17. Qe2 Rb8 18. Rc2 Bf5 19. Rd2 Bd3 20. Qe3 Qc7 21. Bf1 Bxf1 22. Kxf1 Bh6 23. Rc2 Rb4 24. Qf2 Rfb8 25. h4 Bg7 26. Rce2 Qd7 27. Kg2 Qf5 28. exd6 exd6 29. Re8+ Bf8 30. R1e2 h5 31. Rxb8 Rxb8 32. Qf3 Bg7 33. Ne4 Rxb2 34. Rxb2 Bxb2 35. Nxd6 Qc2+ 36. Kh3 Qd3 37. Qxd3 cxd3 38. Nc4 Bc3 39. Kg2 f5 40. Kf3 Bd4 41. Nb2 Bxb2 0-1

[Event "Titled Tuesday intern op 21st Dec"]
[Site "Chess.com INT"]
[Date "2021.12.21"]
[Round "6"]
[White "Al Tarbosh, Ward"]
[Black "Serikbay, Assel"]
[Result "1-0"]
[WhiteElo "2222"]
[BlackElo "2263"]
[PlyCount "77"]
[EventDate "2021.12.21"]
[EventType "swiss (blitz)"]
[EventRounds "11"]
[EventCountry "USA"]
[SourceTitle "CBM 205 Extra"]
[Source "ChessBase"]
[SourceDate "2022.01.31"]
[SourceVersion "1"]
[SourceVersionDate "2022.01.31"]
[SourceQuality "1"]

1. e4 c5 2. Nf3 e6 3. d4 cxd4 4. Nxd4 Nc6 5. Nc3 a6 6. Be3 Nf6 7. Nxc6 bxc6 8. e5 Nd5 9. Nxd5 cxd5 10. Bd3 d6 11. f4 dxe5 12. fxe5 Qc7 13. Bd4 Bc5 14. c3 Rb8 15. Qe2 Bxd4 16. cxd4 Qa5+ 17. Kf2 Qb4 18. Ke3 O-O 19. Rab1 f6 20. Rhf1 Bd7 21. a3 Qe7 22. exf6 Rxf6 23. Rxf6 Qxf6 24. Qf3 Qg5+ 25. Qf4 Qxf4+ 26. Kxf4 Rb3 27. Bc2 Rb6 28. b4 Bb5 29. Ke5 Rc6 30. Bd1 Kf7 31. Bg4 g6 32. a4 Bc4 33. b5 axb5 34. axb5 Rb6 35. Ra1 Bxb5 36. Ra7+ Kf8 37. Bxe6 Bd3 38. Kf6 Rb8 39. Rxh7 1-0

[Event "Titled Tuesday intern op 21st Dec"]
[Site "Chess.com INT"]
[Date "2021.12.21"]
[Round "6"]
[White "Anuj, Shrivatri"]
[Black "Sokolovsky, Yahli"]
[Result "1/2-1/2"]
[WhiteElo "2350"]
[BlackElo "2390"]
[PlyCount "171"]
[EventDate "2021.12.21"]
[EventType "swiss (blitz)"]
[EventRounds "11"]
[EventCountry "USA"]
[SourceTitle "CBM 205 Extra"]
[Source "ChessBase"]
[SourceDate "2022.01.31"]
[SourceVersion "1"]
[SourceVersionDate "2022.01.31"]
[SourceQuality "1"]

1. b3 e5 2. Bb2 Nc6 3. c4 Nf6 4. Nf3 e4 5. Nd4 Nxd4 6. Bxd4 d5 7. e3 Be6 8. Nc3 c6 9. cxd5 cxd5 10. Bb5+ Nd7 11. d3 exd3 12. O-O Bd6 13. Bxd3 Qh4 14. g3 Qh3 15. Qf3 Ne5 16. Bb5+ Kf8 17. Qg2 Qxg2+ 18. Kxg2 f6 19. Rfd1 Nc6 20. Bxc6 bxc6 21. Na4 Ke7 22. Rac1 Bd7 23. Bc5 Bxc5 24. Nxc5 f5 25. Rd2 Rhc8 26. h4 Be8 27. f3 Bf7 28. Kf2 a5 29. a3 Rab8 30. Rd4 Rb5 31. Rc3 Rcb8 32. Ke1 h6 33. Kf2 g5 34. Kg2 Rg8 35. hxg5 hxg5 36. g4 fxg4 37. fxg4 Bg6 38. Kg3 Rh8 39. Na4 Be8 40. e4 Rh1 41. exd5 Rxd5 42. Re4+ Kd8 43. Nb6 Rg1+ 44. Kf2 Rdd1 45. Re2 c5 46. Nc4 Rgf1+ 47. Ke3 Bb5 48. Rd3+ Kc7 49. Rc3 Rd4 50. a4 Bxc4 51. bxc4 Rff4 52. Rb2 Rfe4+ 53. Kf3 Rf4+ 54. Kg3 Rxg4+ 55. Kf2 Rgf4+ 56. Ke1 Rfe4+ 57. Kf2 Rf4+ 58. Rf3 Rxf3+ 59. Kxf3 Rxc4 60. Rb5 g4+ 61. Kg3 Rxa4 62. Rxc5+ Kb6 63. Rc8 Rd4 64. Rb8+ Kc5 65. Ra8 Kb4 66. Rb8+ Ka3 67. Ra8 a4 68. Kf2 Kb3 69. Ke3 Rc4 70. Kd3 Rc7 71. Rb8+ Ka3 72. Rg8 Rd7+ 73. Kc3 Rc7+ 74. Kd3 Kb3 75. Rb8+ Ka2 76. Rb4 Rd7+ 77. Kc2 Rc7+ 78. Kd2 a3 79. Rxg4 Kb3 80. Rg8 Rd7+ 81. Kc1 a2 82. Rb8+ Kc3 83. Rc8+ Kb3 84. Rb8+ Ka3 85. Ra8+ Kb3 86. Rb8+ 1/2-1/2

[Event "Titled Tuesday intern op 21st Dec"]
[Site "Chess.com INT"]
[Date "2021.12.21"]
[Round "6"]
[White "Aradhya, Garg"]
[Black "Nechaeva, Marina"]
[Result "1/2-1/2"]
[WhiteElo "2236"]
[BlackElo "2384"]
[PlyCount "107"]
[EventDate "2021.12.21"]
[EventType "swiss (blitz)"]
[EventRounds "11"]
[EventCountry "USA"]
[SourceTitle "CBM 205 Extra"]
[Source "ChessBase"]
[SourceDate "2022.01.31"]
[SourceVersion "1"]
[SourceVersionDate "2022.01.31"]
[SourceQuality "1"]

1. d4 Nf6 2. c4 e6 3. Nf3 b6 4. a3 Bb7 5. Bf4 d5 6. e3 Bd6 7. Bxd6 cxd6 8. Nc3 O-O 9. Rc1 Nbd7 10. cxd5 Nxd5 11. Nxd5 Bxd5 12. Bb5 Nf6 13. O-O Rc8 14. Qa4 Rxc1 15. Rxc1 Qa8 16. Ne1 Bb7 17. f3 a6 18. Bc6 Rc8 19. Bxb7 Qxb7 20. Rxc8+ Qxc8 21. Nd3 h6 22. Kf2 g5 23. Nb4 a5 24. Qc6 Qxc6 25. Nxc6 Kf8 26. e4 Ke8 27. Ke3 Kd7 28. Na7 Ne8 29. Nb5 Nc7 30. Nxc7 Kxc7 31. h4 f6 32. e5 f5 33. hxg5 hxg5 34. f4 gxf4+ 35. Kxf4 Kc6 36. a4 Kd5 37. exd6 Kxd6 38. Ke3 Kd5 39. Kd3 f4 40. b3 e5 41. dxe5 Kxe5 42. Ke2 Ke4 43. Kf2 Kf5 44. Kf3 Kg5 45. g4 fxg3 46. Kxg3 Kf5 47. Kf3 Ke5 48. Ke3 Kd5 49. Kd3 Kc5 50. Kc3 b5 51. axb5 Kxb5 52. Kb2 a4 53. Ka3 axb3 54. Kxb3 1/2-1/2

[Event "Titled Tuesday intern op 21st Dec"]
[Site "Chess.com INT"]
[Date "2021.12.21"]
[Round "6"]
[White "Ardila, Oscar Humberto"]
[Black "Nikulina, Alena"]
[Result "0-1"]
[WhiteElo "1988"]
[BlackElo "1923"]
[PlyCount "234"]
[EventDate "2021.12.21"]
[EventType "swiss (blitz)"]
[EventRounds "11"]
[EventCountry "USA"]
[SourceTitle "CBM 205 Extra"]
[Source "ChessBase"]
[SourceDate "2022.01.31"]
[SourceVersion "1"]
[SourceVersionDate "2022.01.31"]
[SourceQuality "1"]

1. e4 c5 2. Nf3 d6 3. Bb5+ Bd7 4. Qe2 Nf6 5. e5 dxe5 6. Nxe5 e6 7. Nc3 a6 8. Nxd7 Nbxd7 9. Bd3 Be7 10. a4 O-O 11. Qf3 Qc7 12. Be2 Ne5 13. Qg3 Bd6 14. Qh4 Ng6 15. Qc4 Rad8 16. d3 Ne5 17. Qh4 Ng6 18. Qc4 Ne5 19. Qb3 Rfe8 20. Ne4 Nxe4 21. dxe4 c4 22. Qh3 b5 23. O-O Ng6 24. Be3 Nf4 25. Qf3 Nxe2+ 26. Qxe2 Bxh2+ 27. Kh1 Bf4 28. axb5 axb5 29. Ra7 Qe5 30. Bxf4 Qxf4 31. g3 Qd6 32. Qf3 Rd7 33. Rfa1 Red8 34. Kg2 h6 35. R1a6 Qd4 36. Rxd7 Rxd7 37. Ra8+ Rd8 38. Rxd8+ Qxd8 39. Qe3 Qd7 40. Qc5 g6 41. b3 cxb3 42. cxb3 Kg7 43. Qc3+ Kh7 44. Qf6 Qb7 45. f3 h5 46. Kh3 Qd7 47. b4 Kg8 48. Kh4 Qd2 49. Kh3 Qxb4 50. Qd8+ Kg7 51. e5 Qc4 52. Qf6+ Kh7 53. Qxf7+ Kh6 54. Qf8+ Kh7 55. Qf7+ Kh6 56. Qf8+ Kh7 57. Qe7+ Kg8 58. Qe8+ Kg7 59. Qd7+ Kh6 60. Qe7 Qf1+ 61. Kh2 Qf2+ 62. Kh3 Qxf3 63. Qd8 Qf5+ 64. Kg2 Qxe5 65. Qf8+ Qg7 66. Qf4+ Kh7 67. Qd6 Qb2+ 68. Kh3 Qf6 69. Qd7+ Kh6 70. Qxb5 Qg5 71. Qe8 Qf5+ 72. Kg2 e5 73. Qh8+ Kg5 74. Qd8+ Qf6 75. Qd2+ Kf5 76. Qe3 Qc6+ 77. Kh2 e4 78. Qf4+ Ke6 79. Qg5 Qc2+ 80. Kh3 Kf7 81. Qf4+ Kg7 82. Qe5+ Kf7 83. Qf4+ Ke6 84. Qg5 Qc6 85. Qxg6+ Kd7 86. Qxh5 Qe6+ 87. Kg2 Kd6 88. Qb5 e3 89. Qb6+ Ke5 90. Qxe3+ Kf5 91. Qf4+ Kg6 92. Qf2 Qe4+ 93. Kh2 Qg4 94. Qc2+ Kg5 95. Qd2+ Kh5 96. Qf2 Qg5 97. Qf3+ Qg4 98. Qf7+ Kg5 99. Qg7+ Kf5 100. Qf7+ Kg5 101. Qe7+ Kh5 102. Qe8+ Qg6 103. Qh8+ Kg5 104. Kg2 Qc2+ 105. Kg1 Qd1+ 106. Kg2 Qe2+ 107. Kh3 Qf1+ 108. Kh2 Qf2+ 109. Kh1 Qf5 110. Qg7+ Kh5 111. Qh8+ Kg4 112. Qg7+ Kf3 113. Qh6 Qb1+ 114. Kh2 Qc2+ 115. Kh3 Qg2+ 116. Kh4 Qxg3+ 117. Kh5 Qg4# 0-1

[Event "Titled Tuesday intern op 21st Dec"]
[Site "Chess.com INT"]
[Date "2021.12.21"]
[Round "6"]
[White "Aung, Thant Zin"]
[Black "Ward, Ieuan C"]
[Result "1-0"]
[WhiteElo "2268"]
[BlackElo "2028"]
[PlyCount "75"]
[EventDate "2021.12.21"]
[EventType "swiss (blitz)"]
[EventRounds "11"]
[EventCountry "USA"]
[SourceTitle "CBM 205 Extra"]
[Source "ChessBase"]
[SourceDate "2022.01.31"]
[SourceVersion "1"]
[SourceVersionDate "2022.01.31"]
[SourceQuality "1"]

1. e4 c5 2. Nf3 d6 3. d4 cxd4 4. Nxd4 Nf6 5. Nc3 a6 6. Be2 e5 7. Nb3 Be7 8. Be3 O-O 9. Qd2 Be6 10. O-O-O Nbd7 11. f3 b5 12. Kb1 Rc8 13. Nd5 Bxd5 14. exd5 Nb6 15. Na5 Nbxd5 16. Bg5 Qc7 17. c4 bxc4 18. Bxc4 Nb6 19. Bb3 Rfd8 20. Rhe1 d5 21. Rc1 Qd6 22. Nb7 Qe6 23. Nxd8 Rxd8 24. Qe3 Nbd7 25. Red1 Qf5+ 26. Bc2 Qe6 27. Ka1 h6 28. Bxf6 Nxf6 29. Bb3 Qf5 30. Qa7 Qe6 31. Rc7 Bf8 32. Qb7 e4 33. fxe4 Qxe4 34. Rxf7 Qxg2 35. a3 Qxh2 36. Rxf6 gxf6 37. Rxd5 Qg1+ 38. Rd1+ 1-0

[Event "Titled Tuesday intern op 21st Dec"]
[Site "Chess.com INT"]
[Date "2021.12.21"]
[Round "6"]
[White "Balkum, Alexander"]
[Black "Dolzhikova, Kateryna"]
[Result "1/2-1/2"]
[WhiteElo "2107"]
[BlackElo "2161"]
[PlyCount "290"]
[EventDate "2021.12.21"]
[EventType "swiss (blitz)"]
[EventRounds "11"]
[EventCountry "USA"]
[SourceTitle "CBM 205 Extra"]
[Source "ChessBase"]
[SourceDate "2022.01.31"]
[SourceVersion "1"]
[SourceVersionDate "2022.01.31"]
[SourceQuality "1"]

1. e4 d5 2. exd5 Nf6 3. d4 Bg4 4. Nf3 c6 5. Be2 cxd5 6. O-O Nc6 7. c3 Bxf3 8. Bxf3 e6 9. Re1 Bd6 10. Nd2 O-O 11. Nf1 Rc8 12. Ng3 h6 13. Qd3 e5 14. dxe5 Nxe5 15. Qd1 Re8 16. Be3 Nxf3+ 17. Qxf3 b6 18. Nf5 Bf8 19. Bd4 Ne4 20. h4 Rc6 21. g3 Rce6 22. Be3 Rf6 23. Bd4 Rfe6 24. Be3 Qf6 25. Kg2 g6 26. Nd4 Qxf3+ 27. Nxf3 Bg7 28. Bd4 Nd6 29. Bxg7 Kxg7 30. Red1 Nc4 31. b3 Ne5 32. Rxd5 Nxf3 33. Kxf3 Rf6+ 34. Kg2 Re2 35. Rf1 Rxa2 36. c4 Rb2 37. Rd3 Rf5 38. g4 Rf6 39. Kg3 Re6 40. Rf3 a5 41. Rd1 Rc2 42. g5 hxg5 43. hxg5 Re7 44. Rd6 Rb7 45. Rc6 Rb2 46. Rcf6 Re2 47. Rc6 Re5 48. Kg4 Re6 49. Rxe6 fxe6 50. Kf4 b5 51. Ke4 bxc4 52. bxc4 Rd7 53. Ke5 a4 54. Kxe6 Rd4 55. c5 a3 56. c6 a2 57. Ra3 Rd2 58. c7 Rc2 59. c8=Q Rxc8 60. Rxa2 Rc6+ 61. Ke5 Rc5+ 62. Kf4 Rf5+ 63. Kg4 Rf7 64. f4 Rb7 65. Ra6 Kh7 66. Rc6 Kg7 67. Rc4 Kh7 68. f5 gxf5+ 69. Kxf5 Kg7 70. Kg4 Kh7 71. Rd4 Kg6 72. Rd6+ Kg7 73. Kf5 Rb5+ 74. Kg4 Rb1 75. Rd4 Rg1+ 76. Kf5 Rf1+ 77. Rf4 Ra1 78. Re4 Ra5+ 79. Re5 Ra1 80. Re4 Ra5+ 81. Re5 Ra7 82. Re4 Rf7+ 83. Kg4 Rd7 84. Rf4 Rc7 85. Re4 Rb7 86. Rf4 Ra7 87. Re4 Rb7 88. Rf4 Rb1 89. Re4 Rg1+ 90. Kf5 Rf1+ 91. Rf4 Rc1 92. Kg4 Rc5 93. Re4 Kg6 94. Kf4 Rf5+ 95. Ke3 Kxg5 96. Kd3 Rd5+ 97. Rd4 Ra5 98. Rc4 Kf6 99. Kd4 Ke6 100. Rc6+ Kd7 101. Rc5 Ra4+ 102. Kd5 Ra1 103. Rc4 Rd1+ 104. Rd4 Rh1 105. Kc5+ Kc7 106. Re4 Rc1+ 107. Kd5 Kb6 108. Re6+ Kb5 109. Re5 Rc8 110. Ke4+ Kc4 111. Kf5 Rf8+ 112. Ke6 Kd4 113. Rd5+ Ke4 114. Re5+ Kf4 115. Rd5 Re8+ 116. Kd6 Re4 117. Kc5 Re1 118. Rd4+ Ke5 119. Rd5+ Ke6 120. Rd6+ Ke7 121. Rd5 Re4 122. Rd4 Re3 123. Rd5 Ke6 124. Rd6+ Ke7 125. Rd5 Rc3+ 126. Kd4 Rc8 127. Re5+ Kf6 128. Rd5 Ra8 129. Kc5 Ra5+ 130. Kd4 Ra4+ 131. Kc5 Ke6 132. Rd6+ Ke7 133. Rd5 Ra5+ 134. Kd4 Ra4+ 135. Kc5 Ra1 136. Kd4 Ke6 137. Re5+ Kf6 138. Rd5 Rc1 139. Rc5 Rd1+ 140. Kc4 Ke6 141. Rc6+ Ke5 142. Rc5+ Ke4 143. Kb5 Rb1+ 144. Kc6 Kd4 145. Rd5+ Ke4 1/2-1/2

[Event "Titled Tuesday intern op 21st Dec"]
[Site "Chess.com INT"]
[Date "2021.12.21"]
[Round "6"]
[White "Begunov, Konstantin"]
[Black "Sadykov, Ramil"]
[Result "1-0"]
[WhiteElo "2325"]
[BlackElo "2345"]
[PlyCount "111"]
[EventDate "2021.12.21"]
[EventType "swiss (blitz)"]
[EventRounds "11"]
[EventCountry "USA"]
[SourceTitle "CBM 205 Extra"]
[Source "ChessBase"]
[SourceDate "2022.01.31"]
[SourceVersion "1"]
[SourceVersionDate "2022.01.31"]
[SourceQuality "1"]

1. d4 Nf6 2. c4 g6 3. f3 d5 4. cxd5 Nxd5 5. e4 Nb6 6. Nc3 Bg7 7. Be3 O-O 8. Qd2 Nc6 9. O-O-O e5 10. d5 Nd4 11. Nb5 c5 12. dxc6 Nxc6 13. Qxd8 Rxd8 14. Rxd8+ Nxd8 15. Nxa7 Rxa7 16. Bxb6 Rxa2 17. Kb1 Ra4 18. Ne2 Nc6 19. Nc3 Ra8 20. Bc4 Nd4 21. Nd5 Bd7 22. Rc1 Ne6 23. Be3 Rd8 24. Nb6 Bc6 25. Bxe6 fxe6 26. Nc4 Bb5 27. Bg5 Rd4 28. Na5 Rd7 29. Rc8+ Kf7 30. Rb8 h6 31. Be3 Ba6 32. Nb3 Bf8 33. Bc5 Bd3+ 34. Kc1 Bg7 35. Kd2 Bf1+ 36. Ke3 Rd3+ 37. Kf2 Rxb3 38. Kxf1 Rxb2 39. Rc8 g5 40. Rc7+ Kg6 41. Bd6 Rb1+ 42. Kf2 b5 43. h3 Bf6 44. Rb7 Rb2+ 45. Kg3 h5 46. Bc7 h4+ 47. Kh2 b4 48. Rb5 b3 49. Bxe5 Bxe5+ 50. Rxe5 Kf6 51. Rb5 Rb1 52. Rb4 Ke5 53. Rb5+ Kf4 54. Rb6 e5 55. Rb4 b2 56. Rb3 1-0

[Event "Titled Tuesday intern op 21st Dec"]
[Site "Chess.com INT"]
[Date "2021.12.21"]
[Round "6"]
[White "Bonte, Andrei Mihai"]
[Black "Cagara, Paulina"]
[Result "0-1"]
[WhiteElo "2340"]
[BlackElo "2045"]
[PlyCount "68"]
[EventDate "2021.12.21"]
[EventType "swiss (blitz)"]
[EventRounds "11"]
[EventCountry "USA"]
[SourceTitle "CBM 205 Extra"]
[Source "ChessBase"]
[SourceDate "2022.01.31"]
[SourceVersion "1"]
[SourceVersionDate "2022.01.31"]
[SourceQuality "1"]

1. d4 f5 2. e4 fxe4 3. Nc3 Nf6 4. Bg5 Nc6 5. Qd2 d5 6. O-O-O e6 7. f3 Be7 8. Bb5 exf3 9. Nxf3 O-O 10. Bxc6 bxc6 11. Rhe1 c5 12. Bxf6 Bxf6 13. dxc5 c6 14. Kb1 Qa5 15. Nd4 Rb8 16. Nb3 Qb4 17. a3 Qg4 18. h3 Qg6 19. Nd4 Bd7 20. Nf3 Qf5 21. Nd4 Qh5 22. Nxe6 Bxe6 23. g4 Bxg4 24. hxg4 Qxg4 25. Ka1 Rfe8 26. Rxe8+ Rxe8 27. Qd3 Bxc3 28. bxc3 Qa4 29. Ka2 Re4 30. Rb1 Qc4+ 31. Qxc4 Rxc4 32. Rb7 Rxc5 33. Kb2 Rb5+ 34. Rxb5 cxb5 0-1

[Event "Titled Tuesday intern op 21st Dec"]
[Site "Chess.com INT"]
[Date "2021.12.21"]
[Round "6"]
[White "Broca Jimenez, Fernando"]
[Black "Maranhao, Jose Renato Ruiz"]
[Result "1/2-1/2"]
[WhiteElo "2075"]
[BlackElo "1923"]
[PlyCount "100"]
[EventDate "2021.12.21"]
[EventType "swiss (blitz)"]
[EventRounds "11"]
[EventCountry "USA"]
[SourceTitle "CBM 205 Extra"]
[Source "ChessBase"]
[SourceDate "2022.01.31"]
[SourceVersion "1"]
[SourceVersionDate "2022.01.31"]
[SourceQuality "1"]

1. e4 c6 2. d4 d5 3. Nc3 dxe4 4. Nxe4 Nf6 5. Nxf6+ exf6 6. Bf4 Bd6 7. Qd2 Bxf4 8. Qxf4 O-O 9. O-O-O Qa5 10. Kb1 Be6 11. a3 b5 12. Qd2 Qxd2 13. Rxd2 Bd5 14. Nf3 Bxf3 15. gxf3 Nd7 16. c4 a6 17. Bd3 Nb6 18. cxb5 cxb5 19. Rc1 Rac8 20. Rdc2 g6 21. Rc6 Rxc6 22. Rxc6 Rb8 23. d5 Nxd5 24. Rxa6 b4 25. axb4 Rxb4 26. Be4 Nc3+ 27. Kc2 Nxe4 28. fxe4 Rxe4 29. Kd3 Rf4 30. Ke3 Rb4 31. Ra2 f5 32. Kd3 Kg7 33. Kc3 Rh4 34. b4 Rxh2 35. b5 Rh3+ 36. Kc4 Rh1 37. Rb2 Rc1+ 38. Kd5 h5 39. b6 Rc8 40. b7 Rb8 41. f4 Kh6 42. Ke5 h4 43. Kf6 Kh5 44. Kxf7 Kg4 45. Kxg6 Kxf4 46. Rb4+ Kg3 47. Kxf5 h3 48. Rb3+ Kg2 49. Kg4 h2 50. Rb2+ Kg1 1/2-1/2

[Event "Titled Tuesday intern op 21st Dec"]
[Site "Chess.com INT"]
[Date "2021.12.21"]
[Round "6"]
[White "Buksa, Nataliya"]
[Black "Rustemov, Alexander"]
[Result "0-1"]
[WhiteElo "2401"]
[BlackElo "2525"]
[PlyCount "134"]
[EventDate "2021.12.21"]
[EventType "swiss (blitz)"]
[EventRounds "11"]
[EventCountry "USA"]
[SourceTitle "CBM 205 Extra"]
[Source "ChessBase"]
[SourceDate "2022.01.31"]
[SourceVersion "1"]
[SourceVersionDate "2022.01.31"]
[SourceQuality "1"]

1. e4 e6 2. d4 d5 3. Nd2 dxe4 4. Nxe4 Bd7 5. Bd3 Bc6 6. Nf3 Nd7 7. Qe2 Ngf6 8. Nxf6+ Nxf6 9. Bg5 Bxf3 10. Qxf3 Qd5 11. Qxd5 Nxd5 12. Bd2 Rd8 13. O-O-O Be7 14. h4 h5 15. c3 c6 16. f3 g6 17. Be4 Kf8 18. Kc2 Kg7 19. b3 Bf6 20. Bc1 Ne7 21. Be3 Nf5 22. Bf2 a6 23. a4 Rd7 24. a5 Ne7 25. g4 Nd5 26. g5 Be7 27. b4 Rhd8 28. Rd2 Bd6 29. Rhd1 Bf4 30. Rd3 Ne7 31. Be3 Bg3 32. Rh1 Nd5 33. Bxd5 Rxd5 34. Bc1 Rf5 35. Rh3 Bc7 36. Re3 Rdd5 37. Re4 e5 38. dxe5 Rdxe5 39. Be3 Rxe4 40. fxe4 Rf1 41. Bd4+ Kf8 42. Kd3 Rf4 43. Ke3 Rg4 44. Kf3 Ke7 45. Bf6+ Ke6 46. Bd4 Be5 47. Bxe5 Kxe5 48. Rh1 Rf4+ 49. Kg3 Rxe4 50. Rf1 Ke6 51. Rf3 c5 52. Rf6+ Ke5 53. Rb6 Re3+ 54. Kg2 Rxc3 55. Rxb7 cxb4 56. Rxb4 Ra3 57. Rb7 Rxa5 58. Rxf7 Rd5 59. Rf6 Rd6 60. Rf7 Kd4 61. Kf3 Re6 62. Rf6 Kd5 63. Rf8 Kc5 64. Rf6 Rxf6+ 65. gxf6 Kd6 66. Kf4 Ke6 67. Kg5 Kf7 0-1

[Event "Titled Tuesday intern op 21st Dec"]
[Site "Chess.com INT"]
[Date "2021.12.21"]
[Round "6"]
[White "Bulatova, Kamaliya"]
[Black "Przybylski, Wojciech"]
[Result "0-1"]
[WhiteElo "2139"]
[BlackElo "2321"]
[PlyCount "94"]
[EventDate "2021.12.21"]
[EventType "swiss (blitz)"]
[EventRounds "11"]
[EventCountry "USA"]
[SourceTitle "CBM 205 Extra"]
[Source "ChessBase"]
[SourceDate "2022.01.31"]
[SourceVersion "1"]
[SourceVersionDate "2022.01.31"]
[SourceQuality "1"]

1. d4 d5 2. c4 c6 3. cxd5 cxd5 4. Bf4 Nf6 5. Nc3 a6 6. e3 Nc6 7. a3 Bg4 8. Qa4 e6 9. h3 Bf5 10. Nf3 Be7 11. Ne5 Rc8 12. Nxc6 Rxc6 13. Qb3 Qb6 14. Qxb6 Rxb6 15. b4 Rc6 16. Kd2 g5 17. Be5 O-O 18. Bd3 Rfc8 19. Bxf5 Rxc3 20. Bb1 Nd7 21. Bg3 Nb6 22. Rd1 Rxa3 23. Rxa3 Bxb4+ 24. Ke2 Bxa3 25. Bd3 Be7 26. Rb1 Rc6 27. Kf3 h5 28. h4 g4+ 29. Ke2 f5 30. Bb8 Bd6 31. Ba7 Bc7 32. Bxb6 Bxb6 33. Kd2 Kf7 34. Ke2 Ke7 35. f3 Kd6 36. fxg4 fxg4 37. Bg6 Kc7 38. Kd3 Ba5 39. Bxh5 Rc3+ 40. Ke2 Rc2+ 41. Kf1 g3 42. Bf3 Rf2+ 43. Kg1 Bd2 44. h5 Bxe3 45. Kh1 Bxd4 46. h6 Be5 47. h7 Rc2 0-1